| Tag |
First Indicator |
Second Indicator |
Subfields |
| LEADER |
00000cam a2200000 a 4500 |
| 001 |
in00000091224 |
| 005 |
20150923131535.0 |
| 008 |
790604s1978 rura b 00010 eng d |
| 035 |
|
|
|a (OCoLC)05033111
|
| 035 |
|
|
|9 AAK6815AM
|
| 040 |
|
|
|a UUM
|c UUM
|d TXA
|d UtOrBLW
|
| 041 |
1 |
|
|a eng
|a rus
|
| 049 |
|
|
|a TXAM
|c [1655858]
|
| 090 |
|
|
|a QD503
|b K3913
|
| 100 |
1 |
|
|a Kazanskaia, A. S.
|
| 240 |
1 |
0 |
|a Raschety khimicheskikh ravnovesii.
|l English
|
| 245 |
1 |
0 |
|a Calculations of chemical equilibria :
|b examples and problems /
|c A.S. Kazanskaya, V.A. Skoblo ; edited by G.M. Panchenkov ; translated from the Russian by G. Leib.
|
| 250 |
|
|
|a Rev. from the 1974 Russian ed.
|
| 264 |
|
1 |
|a Moscow :
|b Mir Publishers,
|c 1978.
|
| 300 |
|
|
|a 326 pages :
|b illustrations ;
|c 23 cm.
|
| 336 |
|
|
|a text
|b txt
|2 rdacontent
|
| 337 |
|
|
|a unmediated
|b n
|2 rdamedia
|
| 338 |
|
|
|a volume
|b nc
|2 rdacarrier
|
| 500 |
|
|
|a Translation of: Raschety khimicheskikh ravnovesii.
|
| 504 |
|
|
|a Includes bibliographical references.
|
| 650 |
|
0 |
|a Chemical equilibrium
|x Problems, exercises, etc.
|
| 700 |
1 |
|
|a Skoblo, V. A.
|
| 700 |
1 |
|
|a Panchenkov, G. M.
|
| 999 |
|
|
|a MARS
|
| 999 |
f |
f |
|s 786289b7-3492-3df5-ab50-e9223be76448
|i 8fdd6d35-fcd6-3ff2-ad56-5c0c880bea57
|t 0
|
| 952 |
f |
f |
|p ric
|a Texas A&M University
|b Rellis Campus
|c Joint Library Facility
|s JLF
|d Remote Storage
|t 0
|e QD503 K3913
|h Library of Congress classification
|i unmediated -- volume
|m A14806019135
|
| 998 |
f |
f |
|a QD503 K3913
|t 0
|l Remote Storage
|